| 000 | 00784nam a2200229 a 4500 | ||
|---|---|---|---|
| 999 |
_c11820 _d11820 |
||
| 001 | 11820 | ||
| 003 | BD-JhCC | ||
| 005 | 20201108094937.0 | ||
| 008 | 201108b20102013bg a|||| | a| 000 0 mul d | ||
| 020 | _a9789848812631 | ||
| 035 | _a(BD-JhCC)11820 | ||
| 040 |
_aBD-JhCC _dBD-JhCC |
||
| 041 | _amul | ||
| 082 |
_a004.09 _bRAH 2013 |
||
| 100 | _aরহমান, মোহাম্মদ মিজানুর | ||
| 245 |
_aবিগীনিং জুমলা / _cমোহাম্মদ মিজানুর রহমান । |
||
| 260 |
_aঢাকা: _bজ্ঞানকোষ প্রকাশনী; _c২০১৩. |
||
| 300 |
_a300 p. : _bill; _c24 cm. |
||
| 651 |
_aComputers--Social aspects _xComputer engineering _zComputers |
||
| 942 |
_2ddc _cBK |
||